Türkiye'nin gelişme sürecinde teknoloji ve teknoloji politikaları (Record no. 3756)

MARC details
000 -BAŞLIK
Sabit Uzunlukta Kontrol Alanı 00899na a2200277 4500
001 - KONTROL NUMARASI
Denetim Alanı 17347
003 - KONTROL NUMARASI IDENTIFIER
Denetim Alanı MIRAKIL
005 - SON İŞLEM TARİHİ VE ZAMANI
Denetim Alanı 20181213154942.0
008 - SABİT-BOY VERİ ELEMANLARI - GENEL BİLGİLER
Sabit Uzunlukta Kontrol Alanı 161024b tu 000 0
035 ## - SİSTEM KONTROL NUMARASI
Sistem Kontrol Numarası 17347
040 ## - KATALOGLAMA KAYNAK
Orijinal Kataloglama Ajansı Milas
Kataloglama Dili tur
Metne Dönüştürmek Ajansı TR-AnCHP
041 ## - DİL KODU
Metin / Ses Parça Veya Ayrı Başlığın Dil Kodu tur
082 ## - DEWEY ONLU SINIFLANDIRMA NUMARASI
Sınıflandırma Numarası 330.02
Ürün Numarası E46t 2001
090 ## - SINIFLAMA NUMARASI
Sınıflama Numarası 330.02 E46t 2001
111 ## - ANA GİRİŞ - TOPLANTI ADI
Giriş Elemanı Olarak Toplantı Adı Veya Yargı Alanı Adı Ekonomi Forumu
Toplantının Yeri İstanbul
Toplantı Veya Antlaşma İmzalandığı Tarihi 2000
245 ## - BAŞLIK TABLOSU
Başlık Türkiye'nin gelişme sürecinde teknoloji ve teknoloji politikaları
Başlığın Kalan 21. yüzyıl için fırsat ve riskler
Sorumluluk Tablosu, Vb Friedrich Ebert Stiftung, bildiri Yusuf Işık
246 ## - UNVAN FORM VARYING
Başlık Doğru / Kısa Başlığı 21. yüzyıl için fırsat ve riskler
260 ## - YAYIN, DAĞITIM, VB
Yayın, Dağıtım, Vb Yeri İstanbul
Yayıncı, Dağıtıcı, Vs Adı FES
Yayın, Dağıtım, Vb Tarihi 2001
300 ## - FİZİKSEL TANIM
Kapsam 92 s.
Boyutlar 23 sm.
504 ## - KAYNAKÇA VB NOT
Kaynakça Vb Notu Kaynakça var.
650 ## - KONU KATMA GİRİŞ - TOPİKAL DÖNEM
Topikal Süreli Veya Coğrafi Ad Giriş Elemanı Ekonomi
Genel Alt Bölümü Teknoloji politikaları
Kronolojik Alt Bölümü Toplantılar
651 ## - KONU KATMA GİRİŞ - COĞRAFİ ADI
Coğrafi İsim Türkiye
Genel Alt Bölümü Ekonomi
Kronolojik Alt Bölümü Toplantılar
700 ## - KATMA GİRİŞ - KİŞİSEL İSİM
Kişisel Ad Işık, Yusuf
710 ## - KATMA GİRİŞ - KURUMSAL ADI
Giriş Elemanı Olarak Kurumsal Ad Veya Yargı Alanı Adı Friedrich Ebert Stiftung
942 ## - EKLENDİ GİRİŞ ELEMANLARI (KOHA)
Sınıflandırma Veya Raf Düzeni Kaynak
Koha Öğesi Türü Books
999 ## - SİSTEM KONTROL NUMARALARI (KOHA)
Koha Biblionumber 3756
Koha Biblioitemnumber 3756
Holdings
Kalıcı Konum Mevcut Konum Edinme Tarihi Edinim Kaynak Toplam Check-Out'Lar Tam Çağrı Numarası Barkod Tarih Son Görülme İtibaren Geçerli Fiyatlar Koha Öğesi Türü
CHP Kütüphanesi CHP Kütüphanesi 10/24/2016 Bağış   330.02 E46t 2001 005884 10/24/2016 10/24/2016 Books